Zákon o platobnom styku v SR a jeho význam pre integráciu do EÚ
Oblasť prevodov peňažných prostriedkov. Vykonávacia a sprostredkujúca inštitúcia - charakteristika. Tuzemský prevod. Určujúce faktory cezhraničného prevodu. Vydávanie a používanie elektronických platobných prostriedkov. Dva druhy elektronického platobného prostriedku.
Enregistré dans:
| Auteur principal: | |
|---|---|
| Format: | Chapitre de livre |
| Langue: | slovaque |
| Sujets: | |
| Tags: |
Pas de tags, Soyez le premier à ajouter un tag!
|
MARC
| LEADER | 00000naa a2200000 4500 | ||
|---|---|---|---|
| 001 | r048221 | ||
| 005 | 20231002075344.4 | ||
| 041 | 0 | |a slo | |
| 044 | |a SK | ||
| 245 | 1 | 0 | |a Zákon o platobnom styku v SR a jeho význam pre integráciu do EÚ |c Jana Kotlebová |
| 520 | |a Oblasť prevodov peňažných prostriedkov. Vykonávacia a sprostredkujúca inštitúcia - charakteristika. Tuzemský prevod. Určujúce faktory cezhraničného prevodu. Vydávanie a používanie elektronických platobných prostriedkov. Dva druhy elektronického platobného prostriedku. | ||
| 610 | 2 | 0 | |a styk platobný |
| 610 | 2 | 0 | |a zákony |
| 610 | 2 | 0 | |a Slovensko |
| 610 | 2 | 0 | |a integrácia |
| 610 | 2 | 0 | |a Európska únia |
| 100 | 1 | |a Kotlebová, Jana, 1969- | |